Teaching Talent (Record no. 26099)

MARC details
000 -LEADER
fixed length control field 00567nam a22001937a 4500
003 - CONTROL NUMBER IDENTIFIER
control field OSt
005 - DATE AND TIME OF LATEST TRANSACTION
control field 20260703132145.0
008 - FIXED-LENGTH DATA ELEMENTS--GENERAL INFORMATION
fixed length control field 260703b |||||||| |||| 00| 0 eng d
020 ## - INTERNATIONAL STANDARD BOOK NUMBER
International Standard Book Number 9781934742495
040 ## - CATALOGING SOURCE
Transcribing agency Chuka University
050 ## - LIBRARY OF CONGRESS CALL NUMBER
Classification number LB 1715 .T43 2010
245 ## - TITLE STATEMENT
Title Teaching Talent
260 ## - PUBLICATION, DISTRIBUTION, ETC.
Place of publication, distribution, etc. Cambridge
Name of publisher, distributor, etc. Harvard Education Press
Date of publication, distribution, etc. 2010
300 ## - PHYSICAL DESCRIPTION
Extent 253pp
650 ## - SUBJECT ADDED ENTRY--TOPICAL TERM
Topical term or geographic name entry element Teachers-- training of-- United States
9 (RLIN) 27707
650 ## - SUBJECT ADDED ENTRY--TOPICAL TERM
Topical term or geographic name entry element Teachers-- Recruiting-- United States
9 (RLIN) 32972
650 ## - SUBJECT ADDED ENTRY--TOPICAL TERM
Topical term or geographic name entry element Teacher turnover-- United States
9 (RLIN) 32973
942 ## - ADDED ENTRY ELEMENTS (KOHA)
Source of classification or shelving scheme Library of Congress Classification
Koha item type Long Loan Books
Suppress in OPAC No
Holdings
Withdrawn status Lost status Source of classification or shelving scheme Damaged status Not for loan Collection Home library Current library Shelving location Date acquired Source of acquisition Cost, normal purchase price Total Checkouts Full call number Barcode Date last seen Price effective from Koha item type
    Library of Congress Classification     General Collection Books Main Campus Library Main Campus Library General Stacks 03/07/2026 Donation from Books for Africa 1677.02   LB 1715 .T43 2010 37315/2026 03/07/2026 03/07/2026 Long Loan Books

Powered by Koha